000 00869nas a2200265 454500
001 27940
005 20260407193507.0
008 260407s1979####ag###########|||spa#d
003 AR-UNSa-BCEJYS
040 _aAR-UNSa-BCEJYS
_bspa
_cAR-UNSa-BCEJYS
080 _a330(82)
_xEconomia Argentina
245 1 0 _aNivel de la economía
022 _a0325-8378
264 1 _aBuenos Aires :
_bFASES
_c1979
310 _aFrecuencia: Mensual
942 _cSER
590 _aniveau_biblio:s niveau_hierar:1
100 1 _aFundación para el Análisis de la Situación Económica y Social (FASES)
650 _aRecesión económica
650 _aInflación
650 _aCondiciones económicas
650 _aPolítica económica
650 _aECONOMIA
856 4 1 _uhttps://biblioeco.unsa.edu.ar/pmb/images/revistas/Nivel de la Economia-r13538.jpg
_yImagen de portada
_qimage/jpeg
999 _c8629
_d8629